<?xml version="1.0" encoding="UTF-8"?><?xml-stylesheet type="text/xsl" href="static/style.xsl"?><OAI-PMH xmlns="http://www.openarchives.org/OAI/2.0/" xmlns:xsi="http://www.w3.org/2001/XMLSchema-instance" xsi:schemaLocation="http://www.openarchives.org/OAI/2.0/ http://www.openarchives.org/OAI/2.0/OAI-PMH.xsd"><responseDate>2026-04-27T22:02:41Z</responseDate><request verb="GetRecord" identifier="oai:uvadoc.uva.es:10324/8200" metadataPrefix="marc">https://uvadoc.uva.es/oai/request</request><GetRecord><record><header><identifier>oai:uvadoc.uva.es:10324/8200</identifier><datestamp>2021-06-29T10:31:47Z</datestamp><setSpec>com_10324_38</setSpec><setSpec>col_10324_852</setSpec></header><metadata><record xmlns="http://www.loc.gov/MARC21/slim" xmlns:doc="http://www.lyncode.com/xoai" xmlns:xsi="http://www.w3.org/2001/XMLSchema-instance" xmlns:dcterms="http://purl.org/dc/terms/" xsi:schemaLocation="http://www.loc.gov/MARC21/slim http://www.loc.gov/standards/marcxml/schema/MARC21slim.xsd">
<leader>00925njm 22002777a 4500</leader>
<datafield tag="042" ind1=" " ind2=" ">
<subfield code="a">dc</subfield>
</datafield>
<datafield tag="720" ind1=" " ind2=" ">
<subfield code="a">Pérez Magdaleno, Susana</subfield>
<subfield code="e">author</subfield>
</datafield>
<datafield tag="260" ind1=" " ind2=" ">
<subfield code="c">2015</subfield>
</datafield>
<datafield tag="520" ind1=" " ind2=" ">
<subfield code="a">Como se sabe, la enseñanza bilingüe va extendiéndose progresivamente en España y&#xd;
muchas escuelas públicas, privadas y concertadas han puesto en marcha programas&#xd;
bilingües que ofrecen a los alumnos la posibilidad de empezar a aprender un idioma&#xd;
extranjero a una edad temprana. Se supone que los niños que acceden al aprendizaje de&#xd;
un segundo idioma tendrán la oportunidad de hablarlo con soltura cuando terminen el&#xd;
periodo escolar. Para conseguir este objetivo, es necesario que el proceso de enseñanzaaprendizaje&#xd;
esté basado en una buena metodología y así obtener los mejores resultados.&#xd;
En este trabajo nos ocuparemos de la educación bilingüe atendiendo a los siguientes&#xd;
aspectos: bilingüismo, tipos de escuelas bilingües en España y recursos metodológicos.&#xd;
El trabajo también incluye una propuesta de enseñanza aprendizaje para una clase de&#xd;
niños de tres años en una escuela bilingüe.</subfield>
</datafield>
<datafield tag="024" ind2=" " ind1="8">
<subfield code="a">http://uvadoc.uva.es/handle/10324/8200</subfield>
</datafield>
<datafield ind1=" " ind2=" " tag="653">
<subfield code="a">Inglés (lengua)-Estudio y enseñanza (Preescolar)</subfield>
</datafield>
<datafield tag="245" ind1="0" ind2="0">
<subfield code="a">Aprendizaje de una segunda lengua en educación infantil: aplicación en el aula</subfield>
</datafield>
</record></metadata></record></GetRecord></OAI-PMH>